| Tag |
First Indicator |
Second Indicator |
Subfields |
| LEADER |
00000cam a2200000 a 4500 |
| 001 |
in00000009149 |
| 005 |
20160607142000.0 |
| 008 |
810416s1980 mx a b s00010 spa |
| 010 |
|
|
|a 81102838
|
| 035 |
|
|
|a (OCoLC)07462879
|
| 035 |
|
|
|9 AAA3224AM
|
| 040 |
|
|
|a DLC
|c DLC
|d m/c
|d TXA
|d UtOrBLW
|
| 049 |
|
|
|a TXAM
|c [A12568168]
|
| 050 |
0 |
0 |
|a Z8740.97
|b .R36
|
| 050 |
0 |
0 |
|a PQ7297.R386
|
| 100 |
1 |
|
|a Rendón Hernández, José Angel.
|
| 245 |
1 |
0 |
|a Alfonso Reyes, instrumentos para su estudio /
|c compilación, José Angel Rendón Hdz.
|
| 264 |
|
1 |
|a Monterrey, N.L. :
|b Universidad Autónoma de Nuevo León, Biblioteca Central,
|c 1980.
|
| 300 |
|
|
|a 173 pages :
|b illustrations ;
|c 22 cm.
|
| 336 |
|
|
|a text
|b txt
|2 rdacontent
|
| 337 |
|
|
|a unmediated
|b n
|2 rdamedia
|
| 338 |
|
|
|a volume
|b nc
|2 rdacarrier
|
| 490 |
1 |
|
|a Serie "Capilla Alfonsina" ;
|v no. 1
|
| 505 |
0 |
|
|a El libro ; Categoría de la lectura / Alfonso Reyes -- Exlibris de Alfonso Reyes / José Angel Rendón H. -- Un día en la Capilla Alfonsina / Alfonso Reyes Aurrecoechea -- Carta de Manuela Mota de Reyes -- Capilla Alfonsina / Andrés Henestrosa -- La biblioteca de Alfonso Reyes / José Alvarado -- I., Decreto presidencial / Luis Echeverría Alvarez -- Entre Alfonso Reyes y Monterrey / Raúl Rangel Frías -- II., Decreto presidencial / José López Portillo -- Alfonso Reyes, los instrumentos / José Angel Rendón H. -- Datos biográficos -- Bibliografía de Alfonso Reyes -- Bibliografía sobre Alfonso Reyes.
|
| 600 |
1 |
0 |
|a Reyes, Alfonso,
|d 1889-1959
|x Bibliography.
|
| 600 |
1 |
0 |
|a Reyes, Alfonso,
|d 1889-1959
|x Library.
|
| 830 |
|
0 |
|a Serie "Capilla Alfonsina" ;
|v no. 1.
|
| 999 |
|
|
|a MARS
|
| 999 |
f |
f |
|s f2e0221f-603c-358f-a831-ccb460ce755f
|i a40bd1f6-f1be-3349-a592-cca908b1318c
|t 0
|
| 952 |
f |
f |
|p ric
|a Texas A&M University
|b Rellis Campus
|c Joint Library Facility
|d Remote Storage
|t 0
|e Z8740.97 .R36
|h Library of Congress classification
|i unmediated -- volume
|m A14812568168
|
| 998 |
f |
f |
|a Z8740.97 .R36
|t 0
|l Remote Storage
|